Minor key and other poems / (Record no. 140847)

MARC details
000 -LEADER
fixed length control field 00512nam a22001817a 4500
005 - DATE AND TIME OF LATEST TRANSACTION
control field 20170703105641.0
010 ## - LCCN (DPL NO)
LC control number ENG-118549
020 ## - INTERNATIONAL STANDARD BOOK NUMBER
International Standard Book Number 9789350451045
Terms of availability 150.00
035 ## - SYSTEM CONTROL NUMBER
System control number EN-102081
037 ## - SOURCE OF ACQUISITION
Source of stock number/acquisition DBAD/PUB
082 ## - DEWEY DECIMAL CLASSIFICATION NUMBER
Classification number 881
100 ## - MAIN ENTRY--PERSONAL NAME
Personal name Kannabiran,Vasanth
245 ## - TITLE STATEMENT
Title Minor key and other poems /
Statement of responsibility, etc by Vasanth Kannabiran
260 ## - PUBLICATION, DISTRIBUTION, ETC. (IMPRINT)
Place of publication, distribution, etc Calcutta
Name of publisher, distributor, etc Writers Workshop
Date of publication, distribution, etc 2015
270 ## - ADDRESS
Address 162/92,Lake Garden
City Calcutta
Postal code 700045
300 ## - PHYSICAL DESCRIPTION
Extent 60p.
Other physical details 22cm(Hb)
942 ## - ADDED ENTRY ELEMENTS (KOHA)
Source of classification or shelving scheme Dewey Decimal Classification
Item type English Books
Classification part 881
Call number suffix KAN
Holdings
Withdrawn status Lost status Not for loan Collection code Home library Current library Date acquired Source of acquisition Cost, normal purchase price Full call number Barcode Copy number Cost, replacement price Koha item type
    Not For Loan Non-fiction D.B.Act.Division Bawana 07/06/2017 DBAD/PUB 150.00 881 KAN EN-102081 1 150.00 English Books

© Delhi Public Library
Hit Counter
free hit counter